Melanie Martinez - After School EP (Pistes) - Statistiques

Statistiques générales
  • Ce quiz a été pris 11 fois
  • Le résultat moyen est 6 sur 7
Statistiques - réponses
Hint Réponse % Correct
1 Notebook
100%
3 Brain & Heart
90%
6 Field Trip
90%
5 Glued
90%
7 The Bakery
90%
4 Numbers
80%
2 Test Me
80%
Aucun quiz correspondant
Distribution des résultats
% des personnes avec chaque résultat
Percentile par nombre de réponses
Votre historique - résultats
Vous n’avez pas pris ce quiz